British Bands By Picture Quiz - Statistics

General Stats
  • This quiz has been taken 56 times
  • The average score is 15 of 25
Answer Stats
Picture Answer % Correct
David Bowie
98%
Queen
98%
Elton John
96%
The Beatles
93%
Coldplay
81%
One Direction
80%
The Rolling Stones
78%
Robbie Williams
74%
Wings
72%
The Cure
63%
Oasis
59%
Fleetwood Mac
56%
Blur
52%
The Who
50%
Duran Duran
48%
The Animals
46%
The Smiths
46%
Black Sabbath
44%
Cliff Richard
44%
Radiohead
44%
Pulp
41%
Led Zeppelin
37%
Pink Floyd
37%
Sex Pistols
35%
The Stone Roses
20%
No matching quizzes found
Score Distribution
Percent of People with Each Score
Percentile by Number Answered
Your Score History
You have not taken this quiz